| 000 | 00655cam a2200241 a 4500 | ||
|---|---|---|---|
| 001 | 12933108 | ||
| 003 | OSt | ||
| 005 | 20160524125506.0 | ||
| 008 | 020917s2003 nyua c 001 0 eng | ||
| 020 | _a0399528938 | ||
| 040 | _aSEKU | ||
| 050 | 0 | 0 |
_aRA 781.63 _b.L4 2003 |
| 100 | 1 | _aLeMay, Michelle. | |
| 245 | 1 | 0 |
_aEssential stretch : _ba better way to flow through life / _cMichelle LeMay. |
| 250 | _a1st ed. | ||
| 260 |
_aNew York : _bPerigee, _c2003. |
||
| 300 | _axiv, 204 p. | ||
| 504 | _aIncludes bibliographical references | ||
| 650 | 0 | _aStretching exercises. | |
| 650 | 0 | _aPhysical fitness. | |
| 650 | 0 | _aExercise. | |
| 942 |
_2lcc _cGEN |
||
| 999 |
_c14532 _d14532 |
||